Flagi państw świata w 1968 roku - Statystyki

Ogólne statystyki
  • Ten quiz został rozwiązany 38 razy
  • Średni wynik to 104 z 142
Statystyki odpowiedzi
Obrazkowy Odpowiedź % Poprawnych
Afganistan
100%
Albańska Republika Ludowa
100%
Algieria
100%
Andora
100%
Arabia Saudyjska
90%
Argentyna
90%
Australia
90%
Austria
90%
Barbados
90%
Belgia
90%
Bhutan
90%
Boliwia
87%
Botswana
87%
Brazylia
83%
Bułgarska Republika Ludowa
83%
Burundi
83%
Chile
83%
Chiny
83%
Cypr
83%
Czad
83%
Czechosłowacja
83%
Dania
80%
Dominikana
80%
Ekwador
80%
Filipiny
80%
Finlandia
80%
Francja
80%
Ghana
80%
Gujana
80%
Gwatemala
80%
Holandia
80%
Honduras
80%
Indie
80%
Indonezja
80%
Irak
80%
Irlandia
80%
Islandia
80%
Izrael
80%
Jamajka
80%
Japonia
80%
Jordania
80%
Jugosławia
80%
Kambodża
80%
Kamerun
80%
Kanada
80%
Kenia
80%
Kolumbia
80%
Kongo-Leopoldville
80%
Korea Północna
80%
Korea Południowa
80%
Kostaryka
80%
Malawi
80%
Cesarstwo Etiopii
77%
Gabon
77%
Gambia
77%
Haiti
77%
Iran
77%
Kongo-Brazzaville
77%
Królestwo Grecji
77%
Królestwo Libii
77%
Królestwo Nepalu
77%
Kuba
77%
Kuwejt
77%
Liban
77%
Liechtenstein
77%
Luksemburg
77%
Malezja
77%
Mali
77%
Malta
77%
Maroko
77%
Mauretania
77%
Meksyk
77%
Monako
77%
Mongolska Republika Ludowa
77%
San Marino
77%
Gwinea
73%
Liberia
73%
Niger
73%
Nigeria
73%
Nikaragua
73%
Norwegia
73%
Nowa Zelandia
73%
Pakistan
73%
Panama
73%
Państwo Hiszpańskie
73%
Peru
73%
Portugalia
73%
Republika Południowej Afryki
73%
Republika Środkowoafrykańska
73%
Salwador
73%
Samoa Zachodnie
73%
Senegal
73%
Sierra Leone
73%
Singapur
73%
Somali
73%
Stany Zjednoczone
73%
Syria
73%
Szwajcaria
73%
Szwecja
73%
Tajlandia
73%
Tajwan
73%
Togo
73%
Trynidad i Tobago
73%
Tunezja
73%
Turcja
73%
Uganda
73%
Urugwaj
73%
Watykan
73%
Węgierska Republika Ludowa
73%
Wenezuela
73%
Wielka Brytania
73%
Włochy
73%
Związek Radziecki
73%
Niemiecka Republika Demokratyczna
70%
Polska Rzeczpospolita Ludowa
70%
Republika Federalna Niemiec
70%
Tanzania
70%
Wybrzeże Kości Słoniowej
70%
Zambia
70%
Birma
67%
Cejlon
67%
Królestwo Laosu
67%
Rumuńska Republika Ludowa
67%
Jemen Południowy
63%
Państwo Antiguy
63%
Wietnam Północny
63%
Wietnam Południowy
63%
Jemen Połnocny
60%
Rwanda
60%
Lesotho
50%
Oman-Maskat
50%
Rodezja
47%
Górna Wolta
40%
Zjednoczona Republika Arabska
40%
Anguilla
37%
Dahomej
37%
Biafra
33%
Sudan
33%
Sułtanat Malediwów
33%
Grenada
30%
Królestwo Rwenzururu
13%
Republika Malgaska
7%
Nie znaleziono quizów pasujących do podanych kryteriów
Rozkład punktacji
Procent ludzi z każdym wynikiem
Percentyl według liczby udzielonych odpowiedzi
Twoja historia wyników
Nie rozwiązałeś tego quizu